000 00644nam a2200217 i 4500
001 C2-0231824
003 PPAK
005 20180728085009.0
008 001203s1972 xx a|||| ||||| | eng d
040 _aPPAK
_beng
_cPPAK
_erda
082 0 4 _a615
_223
090 0 0 _a615
_bHEA
_dKSI
245 0 0 _aHealth drugs, drinking, driving, smoking and you
264 1 _a[place of publication not identified] :
_bReader's Digest Asia Ltd. ,
_c1972
300 _a142 pages :
_billustrations ;
_c18 cm
336 _2rdacontent
_atext
337 _2rdamedia
_aunmediated
338 _2rdacarrier
_avolume
650 1 0 _aDrugs ; Drug abuse
942 _ddc
_cB
999 _c151172
_d151172